00418pab a2200157 454500008004000000100002000040245005700060260000900117300001400126362000800140650001800148650002300166650001400189650002400203773003300227180718b2005 xxu||||| |||| 00| 0 eng d aLee, Cheot Sung aIncome inequality, democracy, and public sector size c2005 ap.158-81. aFeb aPublic sector aPublic enterprises aDemocracy aIncome distribution aAmerican Sociological Review